000 00615nam a22002297a 4500
003 UA-OsUOA
001 66312
007 ta
008 20091225b un ||||| |||| 00| 0 ukr d
090 _a82.09(479.22)
_bП15
942 _cBK
040 _aUA-OsUOA
_bukr
_cUA-OsUOA
_dUA-OsUOA
245 _aПам'ятки давньогрузинської літератури
300 _a338 с.
955 _a2
041 _aukr
080 _a82.09(479.22)
020 _a966-8299-18-3
260 _aК.
_c2006
650 7 _a82 Література. Літературознавство
_2UDC
999 _c352440
_d352440